[Event "VEN-ch U20"]
[Site "Maracay"]
[Date "2018.05.31"]
[Round "5"]
[White "Duran Cordero, Pablo Rafael"]
[Black "Castro Silva, Moises Antonio"]
[Result "0-1"]
[WhiteElo "1567"]
[BlackElo "1812"]
[PlyCount "60"]
[EventDate "2018.05.31"]
[EventType "swiss"]
[EventRounds "7"]
[EventCountry "VEN"]
[SourceTitle "EXT 2019"]
[Source "ChessBase"]
[SourceDate "2018.10.10"]
[SourceVersion "1"]
[SourceVersionDate "2018.10.10"]
[SourceQuality "1"]

1. e4 e5 2. Nf3 Nc6 3. Bb5 a6 4. Ba4 Nge7 5. 0-0 g6 6. c3 Bg7 7. d4 exd4 8. cxd4 b5 9. Bb3 d6 10. h3 0-0 11. Re1 Bb7 12. Bg5 h6 13. Bf4 Na5 14. Bc2 g5 15. Bxg5 hxg5 16. Nxg5 Nf5 17. Qh5 Nh6 18. e5 Qe8 19. e6 f5 20. Nf7 Rxf7 21. exf7+ Qxf7 22. Qg5 Qf6 23. Qd2 Nc4 24. Qe2 Qg5 25. Qe6+ Kh8 26. d5 Bxb2 27. Qd7 Bc8 28. g3 Ba3 29. g4 Ne5 30. Qxc7 Nf3+ 0-1

[Event "VEN-ch U20"]
[Site "Maracay"]
[Date "2018.05.31"]
[Round "3"]
[White "Lombano Adarmes, Bryan Alexander"]
[Black "Duran Cordero, Pablo Rafael"]
[Result "0-1"]
[WhiteElo "1273"]
[BlackElo "1567"]
[PlyCount "73"]
[EventDate "2018.05.31"]
[EventType "swiss"]
[EventRounds "7"]
[EventCountry "VEN"]
[SourceTitle "EXT 2019"]
[Source "ChessBase"]
[SourceDate "2018.10.10"]
[SourceVersion "1"]
[SourceVersionDate "2018.10.10"]
[SourceQuality "1"]

1. d4 Nf6 2. f4 g6 3. Nf3 Bg7 4. Nc3 d5 5. e3 0-0 6. Be2 Nbd7 7. 0-0 c5 8. Ne5 cxd4 9. exd4 Qb6 10. Kh1 e6 11. Qd3 Rd8 12. h4 Ne8 13. h5 Ndf6 14. g4 Nd6 15. hxg6 hxg6 16. Bd2 Nfe4 17. Na4 Qc7 18. Bb4 b5 19. Nc5 a5 20. Nxe4 Nxe4 21. Be1 Ba6 22. b4 a4 23. a3 Rac8 24. Rc1 Qe7 25. c3 Bxe5 26. dxe5 Kg7 27. Kg2 d4 28. Kg1 Nxc3 29. f5 gxf5 30. gxf5 Qg5+ 31. Kf2 Qxf5+ 32. Qxf5 exf5 33. Ra1 Kf8 34. Bd3 Ne4+ 35. Bxe4 Rc1 36. Bxf5 d3 37. Bd2 0-1

[Event "Valera FVA 82nd Anniv"]
[Site "Valera"]
[Date "2017.12.13"]
[Round "1"]
[White "Brizuela Abreu, Ronald Jesus"]
[Black "Duran Cordero, Pablo Rafael"]
[Result "1-0"]
[WhiteElo "2262"]
[BlackElo "1575"]
[PlyCount "85"]
[EventDate "2017.12.13"]
[EventType "swiss"]
[EventRounds "7"]
[EventCountry "VEN"]
[SourceTitle "CBM 182 Extra"]
[Source "ChessBase"]
[SourceDate "2018.02.23"]
[SourceVersion "1"]
[SourceVersionDate "2018.02.23"]
[SourceQuality "1"]

1. g3 e6 2. Bg2 f5 3. Nf3 d5 4. 0-0 Nf6 5. d3 Bd6 6. c4 c6 7. Nc3 0-0 8. e4 fxe4 9. dxe4 dxe4 10. Ng5 Be7 11. Ngxe4 Na6 12. Be3 e5 13. Nxf6+ Bxf6 14. Ne4 Be6 15. Qe2 Qe7 16. Rad1 Rad8 17. Bxa7 b5 18. Nxf6+ gxf6 19. Rxd8 Rxd8 20. cxb5 cxb5 21. Be3 Bc4 22. Qg4+ Qg7 23. Qxg7+ Kxg7 24. Ra1 Nb4 25. b3 Be6 26. Bc5 Nc2 27. Rc1 Nd4 28. Bxd4 Rxd4 29. Bf1 b4 30. Bc4 Bxc4 31. Rxc4 Rxc4 32. bxc4 Kf7 33. Kf1 Ke6 34. Ke2 Kd6 35. Kd3 Kc5 36. g4 e4+ 37. Kxe4 Kxc4 38. f4 Kc3 39. Kd5 h6 40. h4 Kb2 41. Kc5 Ka3 42. g5 fxg5 43. fxg5 1-0

[Event "Coro IRT 489 Anniv"]
[Site "Coro"]
[Date "2016.09.02"]
[Round "2"]
[White "Duran Cordero, Pablo Rafael"]
[Black "Gutierrez Zarraga, Frank Guadalu"]
[Result "1/2-1/2"]
[WhiteElo "1469"]
[BlackElo "1893"]
[PlyCount "99"]
[EventDate "2016.09.02"]
[EventType "swiss"]
[EventRounds "6"]
[EventCountry "VEN"]
[SourceTitle "EXT 2022"]
[Source "ChessBase"]
[SourceDate "2021.10.06"]
[SourceVersion "1"]
[SourceVersionDate "2021.10.06"]
[SourceQuality "1"]

1. e4 e6 2. d4 d5 3. exd5 exd5 4. Nc3 Nf6 5. Bf4 c6 6. Bd3 Be7 7. Nf3 Bg4 8. 0-0 0-0 9. Re1 Bd6 10. Bg5 Nbd7 11. h3 Bxf3 12. Qxf3 Qb6 13. Rad1 Qxb2 14. Rb1 Qa3 15. Rxb7 Rab8 16. Reb1 Rxb7 17. Rxb7 Rb8 18. Rxb8+ Bxb8 19. Nxd5 Qxa2 20. Nxf6+ Nxf6 21. Bxf6 Qb1+ 22. Bf1 gxf6 23. Qxf6 Qb6 24. Qg5+ Kf8 25. Qh6+ Ke7 26. d5 cxd5 27. Qg5+ Ke6 28. Qh6+ Ke7 29. Qxb6 axb6 30. g4 Bf4 31. Bd3 h6 32. Kg2 Kf6 33. Kf3 Ke5 34. h4 f6 35. Bg6 Bc1 36. Bd3 Kd4 37. Ke2 Kc3 38. Kd1 Bf4 39. h5 Kd4 40. Ke2 Kc5 41. f3 b5 42. Kd1 b4 43. Ke2 Kd4 44. Bf5 Kc3 45. Bd3 Bg5 46. Bf5 d4 47. Bg6 Bf4 48. Bf5 Be3 49. Bd3 Bd2 50. Bf5 1/2-1/2